Guess the 2023 kdramas - Statistics

General Stats
  • This quiz has been taken 273 times
  • The average score is 8 of 15
Answer Stats
Picture Answer % Correct
My demon
94%
Twinkling watermelon
86%
King the land
76%
Celebrity
68%
Moving
57%
Death's game
52%
Night has come
52%
Duty after school
49%
A good day to be a dog
47%
The uncanny counter 2
43%
My lovely liar
41%
Destined with you
40%
The glory 2
35%
Crash course in romance
32%
The escape of the seven
14%
No matching quizzes found
Score Distribution
Percent of People with Each Score
Percentile by Number Answered
Your Score History
You have not taken this quiz